书目信息 |
| 题名: |
预应力混凝土结构理论与设计
|
|
| 作者: | 熊学玉 著 | |
| 分册: | ||
| 出版信息: | 北京 中国建筑工业出版社 2017.12 |
|
| 页数: | 12, 675页 | |
| 开本: | 26cm | |
| 丛书名: | ||
| 单 册: | ||
| 中图分类: | TU378.04 | |
| 科图分类: | ||
| 主题词: | 预应力混凝土结构--yu ying li hun ning tu jie gou--结构设计 | |
| 电子资源: | ||
| ISBN: | 978-7-112-21662-8 | |
| 000 | 01248nam0 2200265 450 | |
| 001 | 012018000489 | |
| 005 | 20190311151705.51 | |
| 010 | @a978-7-112-21662-8@dCNY98.00 | |
| 100 | @a20180512d2017 em y0chiy50 ea | |
| 101 | 0 | @achi |
| 102 | @aCN@b110000 | |
| 105 | @aak a 000yy | |
| 200 | 1 | @a预应力混凝土结构理论与设计@Ayu ying li hun ning tu jie gou li lun yu she ji@f熊学玉著@Fxiong xue yu zhu |
| 210 | @a北京@c中国建筑工业出版社@d2017.12 | |
| 215 | @a12, 675页@c图@d26cm | |
| 312 | @a英文并列题名取自封面 | |
| 314 | @a熊学玉, 同济大学土木工程学院教授, 博士研究生导师, 预应力研究所副所长, 致力于我国预应力领域的教学、研究、技术开发和推广工作。 | |
| 320 | @a有书目 | |
| 330 | @a本书主要内容包括: 预应力混凝土结构约束的作用对次内力的影响及全面考虑次内力的设计原理与方法, 新型预应力混凝土结构体系的理论研究及设计方法, 大跨预应力混凝土结构防灾性能研究, 超长预应力混凝土结构设计方法、施工过程分析及裂缝控制, 预应力结构分析与设计实例等。 | |
| 510 | 1 | @aTheory and design of prestressed concrete structures@zeng |
| 606 | 0 | @a预应力混凝土结构@Ayu ying li hun ning tu jie gou@x结构设计 |
| 690 | @aTU378.04@v5 | |
| 701 | 0 | @a熊学玉@Axiong xue yu@4著 |
| 801 | 0 | @aCN@c20180813 |
| 905 | @a河南城建学院图书馆@b21355506-07@dTU378.04@eX649@f2 | |
| 预应力混凝土结构理论与设计/熊学玉著.-北京:中国建筑工业出版社,2017.12 |
| 12, 675页:图;26cm |
| ISBN 978-7-112-21662-8:CNY98.00 |
| 本书主要内容包括: 预应力混凝土结构约束的作用对次内力的影响及全面考虑次内力的设计原理与方法, 新型预应力混凝土结构体系的理论研究及设计方法, 大跨预应力混凝土结构防灾性能研究, 超长预应力混凝土结构设计方法、施工过程分析及裂缝控制, 预应力结构分析与设计实例等。 |
| ● |
| 相关链接 |
|
|
|
正题名:预应力混凝土结构理论与设计
索取号:TU378.04/X649
 
预约/预借
| 序号 | 登录号 | 条形码 | 馆藏地/架位号 | 状态 | 备注 |
| 1 | 1244597 | 212445978 | 建筑库101/101建筑库 89排2列2层/ [索取号:TU378.04/X649] | 在馆 | |
| 2 | 1355506 | 213555062 | 建筑库101/101建筑库 89排2列2层/ [索取号:TU378.04/X649] | 在馆 | |
| 3 | 1355507 | 213555071 | 建筑库101/101建筑库 89排2列2层/ [索取号:TU378.04/X649] | 在馆 |